000 00378nam a2200157 i 4500
001 bg
245 0 _aThe boundary element :
_breference book.
260 _aBerlin :
_bSpringer Verlag,
_c1988.
020 _a0905451740
040 _cBPK
041 _apol
080 _a519.6:624:621.01
920 _a0-905451-74-0
942 _cKS
008 s pl f |000 0 pol
999 _c28847
_d28847
856 _uhttp://koha.tu.koszalin.pl/cgi-bin/koha/opac-detail.pl?biblionumber=28847
_yKatalog online BPK